000 00448nam a2200181Ia 4500
001 7752
005 20260306160518.0
008 260306t2000||||xx |||||||||||||| ||spa||
041 _aESP
082 _a361.25
_bV35
100 _aVásquez H., Enrique,
_eAUT
245 0 _aInversión social para un buen gobierno en el Perú
260 _c2000
300 _a473 páginas :
_c20 cm.
650 _aGEN
654 _aCHU
942 _cLIB
_dJUS
_fJUS
_2ddc
_n
999 _c7752
_d7752